1035 1910 1881 1156 1444 1093 1999 1841 1218 1461 1737 1848 1386 1098 1895 1686 1187 1881 1659 1935 1442 1678 1636 1131 1935 1931 1275 1703 1065 1357 1380 1891 1639 1635 1808 1400 1598 1691 1597 1088 1414 1201 1797 1351 1706 1822 1751 1653 1484 1686 1858 1542 1163 1689 1055 1291 1796 1158 1398 1454 1217 1189 1989 1356 1129 1765 1128 1442 1540 1052 1909 1064 1838 1297 1733 1339 1027 1918 1369 1490 1316 1486 1562 1736 1059 1698 1131 1673 1986 1204 1723 1669 1070 1767 1861 1939 1511 1621 1352 BCNSPRNW ULIB Ver.6.0+V

เปลี่ยนเป็นภาษาไทย

Change to English
 แสดงรายละเอียดบรรณานุกรม
  กลับหน้าหลัก

Brief Record : Get Marc (ISO 2709) : E-mail record : QR code < ปิดหน้าต่าง
LEADER : 00000nam 2200000uu 4500
001    13399122616
003     ULIB
008    130819s2554||||th 000 0 tha d
020    9786162430345
060  4 WL342^bป711ส^c2554
100 0  เปรมฉัตร ปิงวิทฐากรณ์
245 00 สารพัดข้อบ่งชี้อาการปวดหัวนำสู่โรคร้ายนับร้อย^cเปรมฉัตร ปิงวิทฐากรณ์
260    กรุงเทพฯ:^bFeel good,^c2554
300    224 หน้า:^bภาพประกอบ,^c21 ซม.
650  0 ปวดศีรษะ
945    ^p170^l0^i033805
945    ^p170^l0^i033806
945    ^p170^l0^i033807
999    ^aเกษร โพธิ์สุวรรณ
รายการนี้ยังไม่มีแท็ก
คุณยังไม่ได้ล็อกอิน คุณสามารถมีกิจกรรมร่วมกับเว็บไซต์ได้ แต่ต้องล็อกอินก่อน ::
  ล็อกอิน

รายการสื่อสารสนเทศ

ลำดับที่ ประเภท เลขเรียก/บาร์โค้ด สถานที่ สถานะ
1. วิทยาศาสตร์การแพทย์ และสุขภาพ
หนังสือสำรอง
สถานะ=หนังสือสำรอง
WL342 ป711ส 2554 ฉ.1 
  Barcode: 033805
ห้องสมุดวิทยาเขตสวรรค์ประชารักษ์
►ส่วนจัดเก็บหนังสือเก่า สปร
บนชั้น
  ขอยืม
2. วิทยาศาสตร์การแพทย์ และสุขภาพ
วิทยาศาสตร์การแพทย์ และสุขภาพ
WL342 ป711ส 2554 ฉ.2 
  Barcode: 033806
ห้องสมุดวิทยาเขตสวรรค์ประชารักษ์
►ส่วนจัดเก็บหนังสือเก่า สปร
บนชั้น
  ขอยืม
3. วิทยาศาสตร์การแพทย์ และสุขภาพ
วิทยาศาสตร์การแพทย์ และสุขภาพ
WL342 ป711ส 2554 ฉ.3 
  Barcode: 033807
ห้องสมุดวิทยาเขตสวรรค์ประชารักษ์
►ส่วนจัดเก็บหนังสือเก่า สปร
บนชั้น
  ขอยืม

รายการใกล้เคียง
    หัวเรื่อง [ปวดศีรษะ]

BibComment


ยังไม่เคยถูกคอมเมนท์

คอมเมนท์ทรัพยากรรายการนี้
  คอมเมนท์: สารพัดข้อบ่งชี้อา..


 Copyright 2026. Bcnsprnw @Library